Perros-Guirec - Choix multiples - Statistiques

Statistiques générales
  • Ce quiz a été pris 22 fois
    21 depuis la dernière actualisation
  • Le résultat moyen est 7 sur 10
Statistiques - réponses
Question Réponse % Correct
Comment appelle-t-on la côte qui s'étend sur 10 kilomètres depuis Perros-Guirec vers l'ouest ? La Côte de granit rose
95%
Comment appelle-t-on l'itinéraire de randonnée pédestre qui longe toute la côte bretonne et dont les 3,5 km à partir de la plage de Trestraou de Perros-Guirec, sont très beaux ? Le sentier des Douaniers
95%
Qu'est-ce que le Bagad Sonerien Bro Dreger de Perros-Guirec ? Un ensemble traditionnel de musique bretonne
95%
Pour quels animaux en particulier les îles précédentes forment la plus grande réserve de France métropolitaine ? Les oiseaux
90%
Quelles îles sont visibles depuis plusieurs plage de Perros-Guirec comme la plage de Trestraou ? Les Sept-Îles
90%
Reconnaissez-vous l'oratoire de saint Guirec sur l'une des images suivantes ?
71%
Reconnaissez-vous Perros-Guirec sur l'une des photographies suivantes ?
71%
Dans quelle ville toute proche des habitants de Perros-Guirec comme Yves Le Pennou, se sont-ils battus le 10 septembre 1792 contre le service militaire obligatoire voté par l'Assemblée ? Lannion
67%
De quelle actuelle nation des îles britanniques venait saint Guirec, l'un des évangélisateurs de l'Armorique ? Le Pays de Galles
33%
Dans quel film du Gendarme de Saint-Tropez, Josepha se rend-elle à Perros-Guirec ? Le Gendarme et les extra-terrestres
10%
Aucun quiz correspondant
Distribution des résultats
% des personnes avec chaque résultat
Percentile par nombre de réponses
Votre historique - résultats
Vous n’avez pas pris ce quiz depuis la dernière actualisation